|
|
|
|
| LEADER |
00000nam0a2200000 4500 |
| 001 |
51232 |
| 005 |
20231031035034.0 |
| 010 |
|
|
|a 593093102X
|
| 035 |
|
|
|a (RuTPU)RU\TPU\book\53635
|
| 090 |
|
|
|a 51232
|
| 100 |
|
|
|a 20030428d2001 m y0rusy50 ca
|
| 101 |
0 |
|
|a rus
|
| 102 |
|
|
|a RU
|
| 105 |
|
|
|a a j 001zy
|
| 200 |
1 |
|
|a Стратегия восстановления водопроводных и водоотводящих сетей
|e учебное пособие
|f В. А. Орлов
|
| 210 |
|
|
|a Москва
|c Изд-во АСВ
|d 2001
|
| 215 |
|
|
|a 96 с.
|c ил.
|
| 320 |
|
|
|a Библиогр.: с. 93.
|
| 610 |
1 |
|
|a водоснабжение
|
| 610 |
1 |
|
|a водопроводы
|
| 610 |
1 |
|
|a водоотлив
|
| 610 |
1 |
|
|a городские водопроводные сети
|
| 610 |
1 |
|
|a водоотводящие сети
|
| 610 |
1 |
|
|a ранжирование
|
| 610 |
1 |
|
|a информационно-поисковые системы
|
| 610 |
1 |
|
|a автоматизация
|
| 610 |
1 |
|
|a учебные пособия
|
| 675 |
|
|
|a 628.14(075.8)
|v 3
|
| 700 |
|
1 |
|a Орлов
|b В. А.
|g Владимир Александрович
|
| 801 |
|
1 |
|a RU
|b 63413507
|c 20030428
|g PSBO
|
| 801 |
|
2 |
|a RU
|b 63413507
|c 20091019
|g PSBO
|
| 900 |
|
|
|a Водохозяйственные сооружения
|
| 900 |
|
|
|a Водохозяйственное строительство
|
| 942 |
|
|
|c BK
|
| 952 |
|
|
|a 550100
|b 290800
|